Test de Rapidité - Lettre "V" - Statistiques

Statistiques générales
  • Ce quiz a été pris 794 fois
  • Le résultat moyen est 94 sur 100
Statistiques - réponses
Lettre "V" % Correct
V
100%
V
100%
V
100%
V
99%
V
99%
V
99%
V
99%
V
99%
V
99%
V
99%
V
99%
V
99%
V
99%
V
99%
V
99%
V
98%
V
98%
V
98%
V
98%
V
98%
V
98%
V
98%
V
98%
V
98%
V
98%
V
98%
V
97%
V
97%
V
97%
V
97%
V
97%
V
97%
V
97%
V
97%
V
97%
V
97%
V
97%
V
97%
V
97%
V
97%
V
97%
V
97%
V
97%
V
97%
V
97%
V
97%
V
96%
V
96%
V
96%
V
96%
V
96%
V
96%
V
96%
V
96%
V
95%
V
95%
V
95%
V
95%
V
95%
V
95%
V
95%
V
94%
V
94%
V
94%
V
94%
V
94%
V
94%
V
94%
V
93%
V
93%
V
92%
V
92%
V
92%
V
92%
V
92%
V
92%
V
91%
V
91%
V
90%
V
90%
V
89%
V
89%
V
88%
V
88%
V
87%
V
87%
V
86%
V
86%
V
85%
V
84%
V
84%
V
84%
V
82%
V
81%
V
81%
V
80%
V
78%
V
77%
V
74%
V
73%
Aucun quiz correspondant
Distribution des résultats
% des personnes avec chaque résultat
Percentile par nombre de réponses
Votre historique - résultats
Vous n’avez pas pris ce quiz